00518nam a22001817a 45000010005000000030009000050050017000140080041000310200015000720400038000870820022001251000023001472450056001702500012002262600042002383000024002806500032003049576BD-DhUAP20200206154154.0100420r20072010bg d 000 0 eng d a9843230108 aBD-DhAALcBD-DhAALdBD-DhUAPbEng00223a342.4273 KAR 1 aKarim, Md. Rezaul.10aConstitutional law of UK & USA /cMd. Rezaul Karim. a1st ed. aDhaka :bBangladesh boi ghar,cc2006. a144 pages ;c21 cm. 0aConstitutional LawzUKzUSA